Statistics for Badly described movies and shows

Click here to take the quiz!

General Stats

  • This quiz has been taken 143 times
  • The average score is 5 of 20

Answer Stats

HintAnswer% Correct
Fish lady sells her sound to octopus lady to win a stereotypical princeThe Little Mermaid
74%
Doll goes to the real world, ends up becoming humanBarbie
69%
Dumb blondes with diary vs emo girl and formerly homeschooled student who becomes one of themMean Girls
65%
3 forrest animals get adopted by failing guy in music industryAlvin and the Chipmunks
36%
Kid in huge family of mostly girlsThe Loud House
33%
American Revolution in song formHamilton
32%
Couple dies from car accident caused by a dog, new family moves in, they make a deal with a guy in a funky hairstyle to take their house backBeetlejuice
31%
Teenager wants to be on a show, and ends up ending segregation in the show businessHairspray
18%
Italian brothers go to fantasy worlds. One goes with a princess and mushroom to save the other from a huge lizard, and theres go kartsSuper Mario Movie
17%
Ordinary builderman is the chosen one, has to stop the world from becoming boringThe Lego Movie
17%
Teenager accidently breaks car, gets a job at fast food joint, take down another joint with exploding burgersGood Burger
16%
Kitchen Tool annoys octopus, enough saidSpongebob Squarepants
12%
Houses full of stuff, and family issuesHoarders
10%
Blue Animal named after a type of candy gets into mischeif at school, and his girlfriend is a nut (Literally)The Amazing World of Gumball
10%
Nerd Guy likes Crazy Girl, their adopted child is an alien disguised as floraLittle Shop Of Horrors
5%
Zookeeper eats egg, contracts a deadly disease, disease stopped by sentient cellsOsmosis Jones
4%
A competition started by a cheap speaker, in the end gives a landmass to a leafBattle For Dream Island
3%
A similar show to the first one, except that the host is an electronic mobile deviceInanimate Insanity
3%
The show the first one is based onTotal Drama Island
2%
Tally Hall beccome cartoon monstersHappy Monster Band
1%

Score Distribution

Percentile by Number Answered

Percent of People with Each Score

Your Score History

You have not taken this quiz